Normal view
MARC view
- Malik ibn Anas,
Entry Personal Name
001 - CONTROL NUMBER
- control field: 2563
003 - CONTROL NUMBER IDENTIFIER
- control field: OSt
005 - DATE AND TIME OF LATEST TRANSACTION
- control field: 20170509092942.0
008 - FIXED-LENGTH DATA ELEMENTS
- fixed length control field: 170509|| aca||aabn | a|a d
040 ## - CATALOGING SOURCE
- Original cataloging agency: OSt
- Transcribing agency: OSt
100 ## - HEADING--PERSONAL NAME
- Personal name: Malik ibn Anas,
- Dates associated with a name: d. 795
670 ## - SOURCE DATA FOUND
- Source citation: Work cat.: (OSt)0: Malik ibn Anas, d. 795, Tarjamah Muwaththa' al-Imam Malik R.A. /, 1993

PORTAL AKMAL
E-MEL JKDM
AKMAL2U
G-BAM
u-PUSTAKA